000 00603nam a2200229Ia 4500
003 OSt
005 20221006163903.0
006 a|||||r|||| 00| 0
007 ta
008 221006b |||||||| |||| 00| 0 eng d
024 _a3,200
037 _cTextual
040 _aFML
_cFML
_beng
041 _2eng
_aeng
082 _aR6v2, K3
100 _aTheodre De Bary Wm Co.
_9676098
245 0 _aSources of Indian Tradition
260 _aDelhi
_bMotilal Banarasidas
_c1963
300 _a961
_ccm.
942 _hR6v2, K3
_cTEXL
_2CC
999 _c1115622
_d1115622